Score 0/129 Timer 08:00
0 Plays Today
% Correct
Johnny
84.8%
Karan
83.3%
Erin
83.2%
Aljin
82%
Claire
81.5%
Steve
78.9%
Ari
78.6%
Nakia
78.5%
Matt
78.4%
Tracy
73.1%
Eka
73%
Blake
72.7%
Amy
72.5%
Richard
72%
Philip
71.7%
Jason
71.5%
Samuell
70.8%
Ciara
70.5%
Firass
70.5%
Andrew
70.4%
Anna
70%
Walter
69.8%
Jason
69.6%
Alex
69.2%
Erika
69.1%
Rhett
68.5%
Alistair
68.4%
Camille
68.1%
Hector
67.9%
Angie
67.4%
Jarred
67.1%
Christopher
66.5%
Emma
66.4%
Michael
66.1%
Najee
66%
Kevin
65.9%
Dwayne
65.8%
RJ
65.7%
Milo
65.7%
Pua
65.7%
Jason
65.6%
Archie
65.3%
Sean
64.4%
% Correct
Sally
64%
Jason
63.9%
Michael
63.8%
Cameron
63.1%
Patricia
62.9%
Alyson
62.6%
Jack
62.1%
Phillip
61.6%
Becky
61.4%
James
60.6%
Nico
60.6%
Kevin
60.4%
Alison
60.3%
Daniel
60.1%
Jasmeet
59.8%
Li
59.4%
Mike
59.2%
Ricardo
58.8%
James
58.1%
Rose
57.9%
Brennan
57.9%
Monica
57.8%
James
57.6%
David
56.8%
Christina
56.2%
Melody
55.8%
Brandon
55.5%
Daniel
54.9%
Glenn
54.6%
Justin
54.4%
Michael
53.6%
Russell
52.7%
Austin
52.1%
John
52%
Jeffrey
51.8%
Ludi
51.3%
Deborah
51.2%
Alycia
51%
David
50.7%
Azim
50.7%
Chrystiane
50.4%
Rhoda
50%
Nikolai
50%
% Correct
Brittany
49.7%
Thuy
49.7%
John
49.7%
Dacre
49.6%
Jessica
49.4%
Caitlin
48.6%
Reggie
48.3%
Nic
48%
Catherine
47.5%
Danny
47.1%
Keith
46.1%
Davi
45.8%
Yoshi
45.8%
Steven
44.2%
Adam
42.6%
Naomi
42.2%
Cerina
41.7%
Zoe
41.2%
Chris
40.5%
Selwyn
40.5%
Russell
40.4%
Valerie
40.2%
Roger
40%
Jorgito
39.6%
Meghan
38.8%
Peter
38.6%
Sasha
38.5%
Melanie
37.4%
William
36.7%
Abraham
33.6%
Gareth
33.1%
Hunter
32.7%
Reuben
31.6%
Jamie
30.4%
Jacqueline
27.4%
Andre
27.4%
Paul
27%
Jordi
27%
Chance
19.2%
Rorrie
18.5%
Cristina
16.3%
Kai
15.4%
Tessa
15.4%
Remove Ads.
Support Sporcle.
Get the best of Sporcle when you Go Orange. This ad-free experience offers more features, more stats, and more fun while also helping to support Sporcle. Thank you for becoming a member.

You're not logged in!

Compare scores with friends on all Sporcle quizzes.
OR
Log In

Show Comments

Extras

Top Quizzes Today


Score Distribution

Your Account Isn't Verified!

In order to create a playlist on Sporcle, you need to verify the email address you used during registration. Go to your Sporcle Settings to finish the process.

Report this User

Report this user for behavior that violates our Community Guidelines.

Details: